कहानी एक परिवार की / (Record no. 14240)

MARC details
000 -LEADER
fixed length control field 01204nam a22002537a 4500
005 - DATE AND TIME OF LATEST TRANSACTION
control field 2008070709489.0
008 - FIXED-LENGTH DATA ELEMENTS--GENERAL INFORMATION
fixed length control field 080707t xxu||||| |||| 00| f hin d
010 ## - LIBRARY OF CONGRESS CONTROL NUMBER
LC control number HIN-83750
020 ## - INTERNATIONAL STANDARD BOOK NUMBER
Terms of availability 225.00
International Standard Book Number 0144001586
035 ## - SYSTEM CONTROL NUMBER
System control number HN-56096
037 ## - SOURCE OF ACQUISITION
Source of stock number/acquisition DBAD / PUB
040 ## - CATALOGING SOURCE
Original cataloging agency DPL
Language of cataloging HN
082 ## - DEWEY DECIMAL CLASSIFICATION NUMBER
Classification number
100 ## - MAIN ENTRY--PERSONAL NAME
Personal name गुरूचरण दास
245 ## - TITLE STATEMENT
Title कहानी एक परिवार की /
Statement of responsibility, etc गुरूचरण दास; नरेंद्र सैनी द्वारा अनुदित
246 ## - VARYING FORM OF TITLE
Title proper/short title Kahani ek parivar kee
Remainder of title by Gurcharn Das; translated by
260 ## - PUBLICATION, DISTRIBUTION, ETC. (IMPRINT)
Place of publication, distribution, etc नई दिल्ली
Name of publisher, distributor, etc पेंगुइन बुक्स
Date of publication, distribution, etc 2005
270 ## - ADDRESS
Address 11, कम्युनिटी सेंटर, पंचशील पार्क
City नई दिल्ली
Postal code 110017
300 ## - PHYSICAL DESCRIPTION
Extent 395पृ
Dimensions 22सेमी(अजिल्द)
650 ## - SUBJECT ADDED ENTRY--TOPICAL TERM
Topical term or geographic name as entry element Hindi Novels
700 ## - ADDED ENTRY--PERSONAL NAME
Personal name सैनी, नरेंद्र
942 ## - ADDED ENTRY ELEMENTS (KOHA)
Source of classification or shelving scheme Dewey Decimal Classification
Koha item type Hindi Books
Classification part
Call number suffix गुरच
Holdings
Withdrawn status Lost status Damaged status Not for loan Collection code Home library Current library Date acquired Source of acquisition Cost, normal purchase price Total Checkouts Full call number Barcode Date last seen Cost, replacement price Price effective from Koha item type
      Not For Loan Non-fiction D.B.Act.Division D.B.Act.Division 07/07/2008 पु.प्र.अ.प्र /प्रका 225.00   उ गुरच HN-56096 15/09/2008 225.00 15/09/2008 Hindi Books

© Delhi Public Library
Hit Counter
free hit counter